Libros sobre Picasso en el Museo de Málaga (Record no. 15703)
[ view plain ]
| 000 -LEADER | |
|---|---|
| campo de control de longitud fija | 01051nam a22002651i 4500 |
| 001 - NÚMERO DE CONTROL | |
| campo de control | 15703 |
| 003 - IDENTIFICADOR DE NÚMERO DE CONTROL | |
| campo de control | ES-MaACL |
| 005 - FECHA Y HORA DE LA ÚLTIMA TRANSACCIÓN | |
| campo de control | 20240205165231.0 |
| 007 - CAMPO FIJO DE DESCRIPCIÓN FÍSICA--INFORMACIÓN GENERAL | |
| campo de control de longitud fija | t| |
| 008 - DATOS DE LONGITUD FIJA--INFORMACIÓN GENERAL | |
| campo de control de longitud fija | 000504s1981 sp ||||0| spa j |
| 016 7# - NÚMERO DE CONTROL DE UNA AGENCIA BIBLIOGRÁFICA NACIONAL | |
| Número de control cancelado/no válido | IND9600800951 |
| 020 ## - NÚMERO INTERNACIONAL ESTÁNDAR DEL LIBRO | |
| Número Internacional Estándar del Libro | 84-7483-200-4 |
| 040 ## - FUENTE DE CATALOGACIÓN | |
| Centro catalogador/agencia de origen | M-BN |
| Lengua de catalogación | spa |
| Centro/agencia transcriptor | CDM |
| 080 ## - NÚMERO DE LA CLASIFICACIÓN DECIMAL UNIVERSAL | |
| Número de la Clasificación Decimal Universal | 017.1(468.17 M.)Mus. Provincial. Sabartés, Juan: 75 Picasso |
| 080 ## - NÚMERO DE LA CLASIFICACIÓN DECIMAL UNIVERSAL | |
| Número de la Clasificación Decimal Universal | 016:75 Picasso, Pablo |
| 100 1# - ENTRADA PRINCIPAL--NOMBRE DE PERSONA | |
| Nombre de persona | Salinero Portero, José. |
| 9 (RLIN) | 101956 |
| 245 10 - MENCIÓN DEL TÍTULO | |
| Título | Libros sobre Picasso en el Museo de Málaga |
| Resto del título | : (el legado Jaime Sabartés) / |
| Mención de responsabilidad, etc. | por José Salinero Portero. |
| 260 ## - PUBLICACIÓN, DISTRIBUCIÓN, ETC. | |
| Lugar de publicación, distribución, etc. | [Madrid : |
| Nombre del editor, distribuidor, etc. | Ministerio de Cultura, Dirección General de Bellas Artes, Archivos y Bibliotecas, |
| Fecha de publicación, distribución, etc. | D.L. 1981. |
| 300 ## - DESCRIPCIÓN FÍSICA | |
| Extensión | 311 p : |
| Otras características físicas | il ; |
| Dimensiones | 23 cm. |
| 600 14 - PUNTO DE ACCESO ADICIONAL DE MATERIA--NOMBRE DE PERSONA | |
| Nombre de persona | Picasso, Pablo, |
| Fechas asociadas al nombre | 1881-1973- |
| Subdivisión de forma | Bibliografías |
| 9 (RLIN) | 91795 |
| 610 27 - PUNTO DE ACCESO ADICIONAL DE MATERIA--NOMBRE DE ENTIDAD CORPORATIVA | |
| Nombre de entidad corporativa o nombre de jurisdicción como elemento de entrada | Museo de Bellas Artes de Málaga- |
| Subdivisión de forma | Catálogos. |
| 9 (RLIN) | 5846 |
| 710 1# - ENTRADA AGREGADA--NOMBRE DE ENTIDAD CORPORATIVA | |
| Nombre de entidad corporativa o nombre de jurisdicción como elemento de entrada | España. |
| Unidad subordinada | Dirección General de Bellas Artes, Archivos y Bibliotecas. |
| 9 (RLIN) | 3705 |
| 852 ## - LOCALIZACIÓN | |
| Ubicación | ES-MaACL |
| Número de control de estantería | L-23120 |
| Sublocalización o colección | R.123396 |
| Estatus retirado | Estado de pérdida | Estado de daño | No para préstamo | Biblioteca de origen | Biblioteca actual | Ubicación en estantería | Fecha de adquisición | Fuente de adquisición | Total de préstamos | Signatura topográfica completa | Código de barras | Visto por última vez | Precio de reemplazo | Tipo de ítem Koha |
|---|---|---|---|---|---|---|---|---|---|---|---|---|---|---|
| Biblioteca del Ateneo de Madrid | Biblioteca del Ateneo de Madrid | Depósito 2 | 17/01/2008 | L-23120 | 1015962 | 23/02/2023 | 23/02/2023 | Libro impreso |
